| 000 | 00674nam a2200217Ii 4500 | ||
|---|---|---|---|
| 003 | JO-AjNU | ||
| 008 | 230606s9999||||xx |||||||||||||| ||und|| | ||
| 020 | _a978-0-140-44939-6 | ||
| 040 |
_aJO-AjNU _beng _erda _cJO-AjNU |
||
| 041 | _aeng | ||
| 050 | 1 | 4 | _aPJ7716.A1.B8 2010 |
| 100 | 3 |
_aTranslated by C. Lyons, Malcolm with URSULA LYONS, _eauthor _92647 |
|
| 245 | 0 | 4 | _aThe Arabian Nights Tales Of 1001 Night , Volume 2 Nighets 295 to 719 |
| 250 | _a1 ed | ||
| 264 | 3 | 1 | _aNew York:PENGUIN BOOK,2010 |
| 300 | _a878P | ||
| 336 |
_atext _btxt _2rdacontent |
||
| 337 |
_aunmediated _bn _2rdamedia |
||
| 338 |
_avolume _bnc _2rdacarrier |
||
| 650 | 4 |
_a Arabian nights _92648 |
|
| 999 |
_aE1383 _c1383 _d1383 |
||